|
|
|
|
| LEADER |
02743 a2200325 4500 |
| 001 |
44074 |
| 003 |
BD-DhAAL |
| 005 |
20250205100930.0 |
| 008 |
250204t20242017ii a|||| b||| 001 0 eng d |
| 020 |
|
|
|a 9789353506247
|
| 020 |
|
|
|a 9353506247
|
| 040 |
|
|
|a BD-DhAAL
|c BD-DhAAL
|
| 082 |
|
|
|a 519.2
|2 22
|
| 100 |
|
|
|a Devore, Jay L.
|9 57561
|
| 245 |
|
|
|a Probability and statistics for engineering and the sciences /
|c Jay L. Devore.
|
| 250 |
|
|
|a Ninth edition.
|
| 260 |
|
|
|a India :
|b Cengage Learning India,
|c 2024.
|
| 300 |
|
|
|a xiv, 715 pages :
|b illustrations ;
|c 25 cm
|
| 504 |
|
|
|a Includes bibliographical references and index.
|
| 526 |
|
|
|a MNS
|x Moumita Dutta Gupta
Sr. Lecturer
Department of MNS
Course name and no. Elements of Statistics and Probability (STA 201)
|
| 541 |
|
|
|a Book Finder International
|e 44074, 44075, 44076, 44077, 44078
|
| 650 |
|
|
|a Probabilities.
|
| 650 |
|
|
|a Mathematical statistics.
|
| 942 |
|
|
|2 ddc
|c BK
|
| 999 |
|
|
|c 47234
|d 47234
|
| 952 |
|
|
|0 0
|1 0
|2 ddc
|4 0
|6 519_200000000000000_DEV
|7 0
|9 77276
|a BRACUL
|b BRACUL
|c GEN
|d 2025-01-30
|e Book Finder International
|g 1183.00
|l 3
|m 33
|o 519.2 DEV
|p 3010044074
|q 2026-05-14
|r 2025-09-24
|s 2025-09-24
|t 1
|v 1183.00
|w 2025-01-30
|y BK
|x Requisitioned by Moumita Dutta Gupta, Department of MNS Course name and no. ‘’Elements of Statistics and Probability (STA 201)’’
|
| 952 |
|
|
|0 0
|1 0
|2 ddc
|4 0
|6 519_200000000000000_DEV
|7 0
|9 77277
|a BRACUL
|b BRACUL
|c GEN
|d 2025-01-30
|e Book Finder International
|g 1183.00
|l 5
|m 21
|o 519.2 DEV
|p 3010044076
|r 2026-01-10
|s 2025-10-14
|t 3
|v 1183.00
|w 2025-01-30
|y BK
|x Requisitioned by Moumita Dutta Gupta, Department of MNS Course name and no. ‘’Elements of Statistics and Probability (STA 201)’’
|
| 952 |
|
|
|0 0
|1 0
|2 ddc
|4 0
|6 519_200000000000000_DEV
|7 0
|9 77278
|a BRACUL
|b BRACUL
|c GEN
|d 2025-01-30
|e Book Finder International
|g 1183.00
|l 3
|m 36
|o 519.2 DEV
|p 3010044077
|r 2026-05-21
|s 2026-02-10
|t 4
|v 1183.00
|w 2025-01-30
|y BK
|x Requisitioned by Moumita Dutta Gupta, Department of MNS Course name and no. ‘’Elements of Statistics and Probability (STA 201)’’
|
| 952 |
|
|
|0 0
|1 0
|2 ddc
|4 0
|6 519_200000000000000_DEV
|7 0
|9 77279
|a BRACUL
|b BRACUL
|c GEN
|d 2025-01-30
|e Book Finder International
|g 1183.00
|l 4
|m 54
|o 519.2 DEV
|p 3010044075
|q 2026-06-02
|r 2026-02-22
|s 2026-02-22
|t 2
|v 1183.00
|w 2025-01-30
|y BK
|x Requisitioned by Moumita Dutta Gupta, Department of MNS Course name and no. ‘’Elements of Statistics and Probability (STA 201)’’
|
| 952 |
|
|
|0 0
|1 0
|2 ddc
|4 0
|6 519_200000000000000_DEV
|7 0
|9 77280
|a BRACUL
|b BRACUL
|c GEN
|d 2025-01-30
|e Book Finder International
|g 1183.00
|l 5
|m 24
|o 519.2 DEV
|p 3010044078
|r 2026-02-25
|s 2026-02-18
|t 5
|v 1183.00
|w 2025-01-30
|y BK
|x Requisitioned by Moumita Dutta Gupta, Department of MNS Course name and no. ‘’Elements of Statistics and Probability (STA 201)’’
|